Mensajeros de la muerte : (Registro nro. 1735)
[ vista simple ]
| 000 -CABECERA | |
|---|---|
| campo de control de longitud fija | 00791nam a2200229 a 4500 |
| 001 - NÚMERO DE CONTROL | |
| campo de control | 000001858 |
| 005 - FECHA Y HORA DE LA ÚLTIMA TRANSACCIÓN | |
| campo de control | 20200929145731.0 |
| 008 - DATOS DE LONGITUD FIJA--INFORMACIÓN GENERAL | |
| campo de control de longitud fija | 090629s2004 cu a 001 spa d |
| 020 ## - NÚMERO INTERNACIONAL ESTÁNDAR DEL LIBRO | |
| Número Internacional Estándar del Libro | 9592112673 |
| 040 ## - FUENTE DE LA CATALOGACIÓN | |
| Centro catalogador/agencia de origen | DO-SdBNP |
| 082 ## - NÚMERO DE LA CLASIFICACIÓN DECIMAL DEWEY | |
| Número de clasificación | 327 |
| Número de documento/Ítem | M538m |
| 049 ## - FONDOS LOCALES (OCLC) | |
| Fondos de biblioteca | BNPD |
| 100 1# - ENTRADA PRINCIPAL--NOMBRE DE PERSONA | |
| Nombre de persona | Mendez Mendez, Jose Luis |
| Fechas asociadas al nombre | 1948 |
| 9 (RLIN) | 6053 |
| 245 10 - MENCIÓN DE TÍTULO | |
| Título | Mensajeros de la muerte : |
| Resto del título | Centoemérica la punta del iceberg / |
| Mención de responsabilidad, etc. | José Luis Méndez Méndez. |
| 260 ## - PUBLICACIÓN, DISTRIBUCIÓN, ETC. | |
| Lugar de publicación, distribución, etc. | La Habana, |
| Fecha de publicación, distribución, etc. | 2004. |
| Nombre del editor, distribuidor, etc. | Capitán San Luis. |
| 440 #0 - MENCIÓN DE SERIE/PUNTO DE ACCESO ADICIONAL--TÍTULO | |
| Título | Denuncia |
| 9 (RLIN) | 5844 |
| 500 ## - NOTA GENERAL | |
| Nota general | Incluye datos biográficos |
| 650 #4 - PUNTO DE ACCESO ADICIONAL DE MATERIA--TÉRMINO DE MATERIA | |
| Término de materia o nombre geográfico como elemento de entrada | Terrorismo |
| Subdivisión geográfica | América Central |
| 9 (RLIN) | 6054 |
| 650 #4 - PUNTO DE ACCESO ADICIONAL DE MATERIA--TÉRMINO DE MATERIA | |
| Término de materia o nombre geográfico como elemento de entrada | Contrarrevoluciones |
| Subdivisión geográfica | América Central |
| 9 (RLIN) | 6055 |
| 650 #4 - PUNTO DE ACCESO ADICIONAL DE MATERIA--TÉRMINO DE MATERIA | |
| Término de materia o nombre geográfico como elemento de entrada | Contrarrevoluciones |
| Subdivisión geográfica | Cuba |
| 9 (RLIN) | 6056 |
| 650 #4 - PUNTO DE ACCESO ADICIONAL DE MATERIA--TÉRMINO DE MATERIA | |
| Término de materia o nombre geográfico como elemento de entrada | Servicio secreto |
| Subdivisión geográfica | Estados Unidos |
| Subdivisión general | Relaciones |
| Subdivisión geográfica | América Central |
| 9 (RLIN) | 6057 |
| Estado de retiro | Estado de pérdida | Restricciones de uso | No para préstamo | Código de colección | Localización permanente | Ubicación/localización actual | Ubicación en estantería | Fecha de adquisición | Número de inventario | Total de préstamos | Signatura topográfica completa | Código de barras | Fecha visto por última vez | Precio válido a partir de | Tipo de ítem Koha | Número de copia |
|---|---|---|---|---|---|---|---|---|---|---|---|---|---|---|---|---|
| Excluido de préstamo | Monografías: Libros y Folletos | General | General | En catalogación | 29.06.2009 | LF1 | 327 M538m | 1858-10 | 25.06.2020 | 25.06.2020 | No se presta | |||||
| Excluido de préstamo | Monografías: Libros y Folletos | General | General | En catalogación | 29.06.2009 | LF1 | 327 M538m | 1858-20 | 25.06.2020 | 25.06.2020 | No se presta | e. 2 |
